00901nam a2200241 a 450000100100000000500170001000800410002702000180006804000250008608200170011110000520012824500660018025000120024626000530025830000210031149000300033250000420036265000410040465000390044583000370048495201210052199900170064200003443720200930073711.0111004s2010 sp 000 0 spa d a9788466369541 aDO-SdBNPbspacBNPHU a468.1bL431n1 aLázaro Carreter, Fernando,d1923-2004.91695210aEl nuevo dardo en la palabra /cFernándo Lázaro Carreter. a2a. ed. aMadrid :bSantillana Ediciones Generales,c2010. a289 p. ;c21 cm.1 aPunto de Lectura ;v189/1 aIncluye datos biográficos del autor 4aIdioma españolxVocabulario959865 4aUso de la lengua española959866 0aPunto de Lectura ;n189/1959867 001052708MOaGRbGRcCTd2011-10-04iLF1l0o468.1 L431np34437-10r2020-06-25w2020-06-25y2ZPréstamo interno c33928d33928